Southville International School and Colleges
Your cart is empty.
  • Cart
  • Lists
    Public lists Eva Luna New books Lux_list list_1
    Your lists Log in to create your own lists
  • Log in to your account
  • Your cookies
  • Search history
Southville International School and Colleges
  • Advanced search
  • Recent comments
  • Most popular
  • Libraries

Log in to your account

Log in with GOOGLE


If you do not have an external account, but do have a local account, you can still log in:

  1. Home
  2. MARC view: Coming climate crisis? :
Normal view MARC view ISBD view

Coming climate crisis? : (Record no. 24434)

[ view plain ]
MARC details
000 -LEADER
fixed length control field 00592nam a2200181 a 4500
005 - DATE AND TIME OF LATEST TRANSACTION
control field 20140310183522.0
008 - FIXED-LENGTH DATA ELEMENTS--GENERAL INFORMATION
fixed length control field 110926s19uu xx 00 eng d
020 ## - INTERNATIONAL STANDARD BOOK NUMBER
International Standard Book Number 9780742556157
050 ## - LIBRARY OF CONGRESS CALL NUMBER
Classification number QC 981.8.C5
Item number .P377 2010
100 ## - MAIN ENTRY--PERSONAL NAME
Personal name Parkinson, Claire L.
245 ## - TITLE STATEMENT
Title Coming climate crisis? :
Remainder of title consider the past, beware the big fix /
Statement of responsibility, etc Claire L. Parkinson.
260 ## - PUBLICATION, DISTRIBUTION, ETC. (IMPRINT)
Place of publication, distribution, etc Lanham:
Name of publisher, distributor, etc Rowman & Littlefield Publishers,
Date of publication, distribution, etc 2010.
300 ## - PHYSICAL DESCRIPTION
Extent 411 p. :
Dimensions 24 cm.
650 ## - SUBJECT ADDED ENTRY--TOPICAL TERM
Topical term or geographic name as entry element Climatic changes.
650 ## - SUBJECT ADDED ENTRY--TOPICAL TERM
Topical term or geographic name as entry element Climatic changes -
General subdivision Environmental aspects.
942 ## - ADDED ENTRY ELEMENTS (KOHA)
Koha item type Books
Source of classification or shelving scheme Library of Congress Classification
Call number prefix Foreign
Holdings
Withdrawn status Lost status Source of classification or shelving scheme Damaged status Home library Current library Shelving location Date acquired Source of acquisition Total Checkouts Full call number Barcode Date last seen Date checked out Copy number Price effective from Koha item type
    Library of Congress Classification   College Library College Library General Circulation Section 09/26/2011 Donation 1 QC 981.8.C5 .P377 2010 C12430 05/15/2018 02/01/2016 1 03/10/2014 Books

Coming climate crisis? :

APA

Parkinson C. L., . (2010). Coming climate crisis?. Lanham: Rowman & Littlefield Publishers.

Chicago

Parkinson Claire L, . 2010. Coming climate crisis?. Lanham: Rowman & Littlefield Publishers.

Harvard

Parkinson C. L., . (2010). Coming climate crisis?. Lanham: Rowman & Littlefield Publishers.

MLA

Parkinson Claire L, . Coming climate crisis?. Lanham: Rowman & Littlefield Publishers. 2010.

  • Place hold
  • Print
  • Cite
  • Add to your cart (remove)
  • Save record
    BIBTEX Dublin Core MARCXML MARC (non-Unicode/MARC-8) MARC (Unicode/UTF-8) MARC (Unicode/UTF-8, Standard) MODS (XML) RIS
  • More searches
    Search for this title in:
    Other Libraries (WorldCat) Other Databases (Google Scholar) Online Stores (Bookfinder.com) Open Library (openlibrary.org)

Exporting to Dublin Core...

SOUTHVILLE LIBRARY

Southville International School and Colleges Library

1281 Tropical Ave. Cor. Luxembourg St., BF Homes International, Las Pinas City

Tel. No. 8256374 / 252358 Loc. 117/146

Powered by Koha